De Matrimoniis Mixtis Tomus VII.

Bibliographic Details
Main Author: Roškováni, Augustín, 1807-1892 (Author)
Format: Book
Language:Latin
PhysicalDescription:700 s.
Published: Nitra Typis Ed. Schempek & St. Huszár 1882

MARC

LEADER 00000nam a2200000 a 4500
001 vtls008702968
003 SK-MaSNL
005 20260301205529.0
008 240318s1892 xo 000 0 lat
040 |a SNK  |b slo  |c SNK  |e AACR2 
041 |a lat 
044 |a xo  |c SK 
100 1 |a Roškováni, Augustín,  |d 1807-1892  |4 aut  |9 260872 
245 1 0 |a De Matrimoniis Mixtis  |n Tomus VII. 
260 |a Nitra  |b Typis Ed. Schempek & St. Huszár  |c 1882 
300 |a 700 s. 
958 |a ONDV 
999 |c 910477  |d 912407 
952 |a SNK  |b SNK  |y PREZ  |7 0  |p 17A0507706  |o snkSC 12679/7  |i snkKSF 230/59  |8 5  |3 rekatalogizácia  |0 0  |1 0  |4 0  |d 2006-05-23  |l 0  |r 2025-07-16 00:00:00  |w 2026-02-24